Prípadové štúdie ako nástroj pre zvýšenie kvality prípravy budúcich učiteľov

Problematika využitia prípadových štúdii v príprave budúcich učiteľov ekonomických predmetov a v doplňujúcom pedagogickom štúdiu,v záujme zlepšenia kvality vzdelávania. Príklady a využitie prípadových štúdií.

Salvato in:
Dettagli Bibliografici
Autore principale: Krpálková Krelová, Katarína
Natura: Capitolo di libro
Lingua:slovacco
Soggetti:
Tags: Aggiungi Tag
Nessun Tag, puoi essere il primo ad aggiungerne!!

MARC

LEADER 00000nla a2200000 4500
001 0233479
005 20240417075122.7
041 0 |a slo 
044 |a CZ 
245 1 0 |a Prípadové štúdie ako nástroj pre zvýšenie kvality prípravy budúcich učiteľov  |c Katarína Krpálková Krelová 
520 |a Problematika využitia prípadových štúdii v príprave budúcich učiteľov ekonomických predmetov a v doplňujúcom pedagogickom štúdiu,v záujme zlepšenia kvality vzdelávania. Príklady a využitie prípadových štúdií. 
610 2 0 |a štúdie prípadové 
610 2 0 |a vzdelávanie ďalšie 
610 2 0 |a predmety učebné 
610 2 0 |a učitelia 
610 2 0 |a pedagogika 
610 2 0 |a didaktika 
610 2 0 |a kvalita vzdelávania 
100 1 |a Krpálková Krelová, Katarína